Environing Empire : Nature, Infrastructure and the Making of German Southwest Africa.

Bibliographic Details
Main Author: Kalb, Martin.
Format: eBook
Language:English
Published: New York, NY : Berghahn Books, Incorporated, 2022.
Edition:1st ed.
Series:Environment in History: International Perspectives Series
Subjects:
Online Access:Click to View
LEADER 02108nam a22004093i 4500
001 EBC7048639
003 MiAaPQ
005 20240729202203.0
006 m o d |
007 cr cnu||||||||
008 240729s2022 xx o ||||0 eng d
020 |a 9781800734579  |q (electronic bk.) 
020 |z 9781800732902 
035 |a (MiAaPQ)EBC7048639 
035 |a (Au-PeEL)EBL7048639 
035 |a (OCoLC)1302999444 
040 |a MiAaPQ  |b eng  |e rda  |e pn  |c MiAaPQ  |d MiAaPQ 
050 4 |a DT1603 .K35 2022 
082 0 |a 968.8102 
100 1 |a Kalb, Martin. 
245 1 0 |a Environing Empire :  |b Nature, Infrastructure and the Making of German Southwest Africa. 
250 |a 1st ed. 
264 1 |a New York, NY :  |b Berghahn Books, Incorporated,  |c 2022. 
264 4 |c Ã2022. 
300 |a 1 online resource (322 pages) 
336 |a text  |b txt  |2 rdacontent 
337 |a computer  |b c  |2 rdamedia 
338 |a online resource  |b cr  |2 rdacarrier 
490 1 |a Environment in History: International Perspectives Series ;  |v v.23 
505 0 |a Intro -- Contents -- Figures -- Acknowledgments -- Introduction -- Chapter 1 - Currents, Chances, Commodities -- Chapter 2 - Accessing Arid Lands -- Chapter 3 - Harbors, Animals, Trains -- Chapter 4 - Solving Aridity -- Chapter 5 - Access and Destruction -- Chapter 6 - Expanding War and Death -- Chapter 7 - Creating a Model Colony -- Conclusion -- Selected Bibliography -- Index of Places -- Index of Persons -- Index of Subjects. 
588 |a Description based on publisher supplied metadata and other sources. 
590 |a Electronic reproduction. Ann Arbor, Michigan : ProQuest Ebook Central, 2024. Available via World Wide Web. Access may be limited to ProQuest Ebook Central affiliated libraries.  
655 4 |a Electronic books. 
776 0 8 |i Print version:  |a Kalb, Martin  |t Environing Empire  |d New York, NY : Berghahn Books, Incorporated,c2022  |z 9781800732902 
797 2 |a ProQuest (Firm) 
830 0 |a Environment in History: International Perspectives Series 
856 4 0 |u https://ebookcentral.proquest.com/lib/matrademy/detail.action?docID=7048639  |z Click to View